[Event "ESP-ch Seniors 2017"]
[Site "Altea"]
[Date "2017.10.08"]
[Round "2"]
[White "Celaya Tapiz, Jose Maria"]
[Black "Tejero Royo, Fermin"]
[Result "1-0"]
[WhiteElo "2196"]
[BlackElo "1998"]
[Annotator "ChessBase"]
[PlyCount "131"]
[EventDate "2017.??.??"]
[EventType "swiss"]
[EventCountry "ESP"]
[SourceTitle "playchess.com"]
[Source "ChessBase"]
[SourceQuality "1"]
[TimeControl "5400+30"]

1. e4 {[%emt 0:00:16]} e5 {[%emt 0:00:07]} 2. Nf3 {[%emt 0:00:10]} Nc6 {[%emt 0:00:09]} 3. Bb5 {[%emt 0:00:07]} a6 {[%emt 0:00:12]} 4. Ba4 {[%emt 0:00:13]} d6 {[%emt 0:00:20]} 5. h3 {[%emt 0:00:25]} Bd7 {[%emt 0:00:42]} 6. O-O {[%emt 0:00:11]} g6 {[%emt 0:00:45]} 7. c3 {[%emt 0:00:11]} Bg7 {[%emt 0:00:30]} 8. Bc2 {[%emt 0:00:15]} Nf6 {[%emt 0:01:02]} 9. d4 {[%emt 0:00:35]} O-O {[%emt 0:00:32]} 10. dxe5 {[%emt 0:00:35]} Nxe5 {[%emt 0:00:27]} 11. Nxe5 {[%emt 0:01:26]} dxe5 {[%emt 0:00:08]} 12. Nd2 {[%emt 0:01:02]} Bc6 {[%emt 0:01:27]} 13. Re1 {[%emt 0:00:27]} Nh5 {[%emt 0:00:53]} 14. Nf1 Qxd1 {[%emt 0:07:03]} 15. Rxd1 {[%emt 0:02:41]} Nf4 {[%emt 0:00:44]} 16. h4 {[%emt 0:02:10]} Ne2+ {[%emt 0:04:01]} 17. Kh2 {[%emt 0:00:24]} Nxc1 {[%emt 0:00:17]} 18. Raxc1 {[%emt 0:00:13]} Bh6 {[%emt 0:01:15]} 19. Ra1 {[%emt 0:00:11]} Rad8 {[%emt 0:03:37]} 20. f3 {[%emt 0:00:13]} Rfe8 {[%emt 0:01:04]} 21. g3 {[%emt 0:00:49]} Kf8 {[%emt 0:01:18]} 22. Kg2 {[%emt 0:00:13]} Ke7 {[%emt 0:00:32]} 23. Kf2 {[%emt 0:00:10]} Rd7 {[%emt 0:03:10]} 24. Rxd7+ {[%emt 0:00:31]} Bxd7 {[%emt 0:00:13]} 25. Bb3 {[%emt 0:00:19]} Bc6 {[%emt 0:13:15]} 26. Rd1 {[%emt 0:00:18]} f5 {[%emt 0:01:03]} 27. exf5 {[%emt 0:13:48]} gxf5 {[%emt 0:00:41]} 28. Ne3 {[%emt 0:00:25]} Bxe3+ {[%emt 0:05:49]} 29. Kxe3 {[%emt 0:00:12]} f4+ {[%emt 0:00:11]} 30. gxf4 {[%emt 0:08:40]} exf4+ {[%emt 0:00:16]} 31. Kxf4 {[%emt 0:00:18]} Rf8+ {[%emt 0:00:13]} 32. Kg5 {[%emt 0:00:31]} Rxf3 {[%emt 0:01:10]} 33. Rd2 {[%emt 0:00:40]} Be8 {[%emt 0:09:25]} 34. Bd5 {[%emt 0:01:18]} Rg3+ {[%emt 0:00:39]} 35. Kf4 {[%emt 0:00:22]} Rh3 {[%emt 0:00:18]} 36. Bxb7 {[%emt 0:00:26]} Rxh4+ {[%emt 0:00:26]} 37. Kg3 {[%emt 0:01:25]} Rh6 {[%emt 0:00:34]} 38. Bf3 {[%emt 0:00:56]} Bf7 {[%emt 0:02:09]} 39. a3 {[%emt 0:01:08]} Rf6 {[%emt 0:00:53]} 40. Bg4 {[%emt 0:00:48]} Be6 {[%emt 0:02:15]} 41. Bf3 {[%emt 0:01:35]} Bf5 {[%emt 0:02:36]} 42. Bh5 {[%emt 0:03:47]} Rd6 {[%emt 0:01:42]} 43. Rf2 {[%emt 0:03:32]} Rf6 {[%emt 0:01:59]} 44. Rd2 {[%emt 0:00:26]} Rd6 {[%emt 0:00:47]} 45. Rf2 {[%emt 0:03:29]} Rf6 {[%emt 0:00:12]} 46. Be2 {[%emt 0:01:34]} a5 {[%emt 0:03:32]} 47. Rh2 {[%emt 0:01:24]} Rb6 {[%emt 0:01:02]} 48. Bh5 {[%emt 0:00:38]} Kf6 {[%emt 0:02:25]} 49. Kf4 {[%emt 0:01:04]} Re6 {[%emt 0:04:57]} 50. Bf3 {[%emt 0:00:20]} Bg6 {[%emt 0:01:44]} 51. Rd2 {[%emt 0:00:12]} Re5 {[%emt 0:01:39]} 52. b4 {[%emt 0:02:05]} Be8 {[%emt 0:02:38]} 53. Rd8 {[%emt 0:02:47]} Rf5+ {[%emt 0:02:44]} 54. Ke3 {[%emt 0:00:34]} Ke7 {[%emt 0:00:07]} 55. Rc8 {[%emt 0:01:05]} axb4 {[%emt 0:01:01]} 56. cxb4 {[%emt 0:01:01]} c5 {[%emt 0:00:54]} 57. Rxc5 {[%emt 0:01:37]} Rxc5 {[%emt 0:01:46]} 58. bxc5 {[%emt 0:00:01]} Bb5 {[%emt 0:01:21]} 59. Kd4 {[%emt 0:00:07]} Kd8 {[%emt 0:00:23]} 60. Bd1 {[%emt 0:02:27]} Kc7 {[%emt 0:00:51]} 61. a4 {[%emt 0:02:27]} Be8 {[%emt 0:00:54]} 62. a5 {[%emt 0:00:04]} h5 {[%emt 0:00:43]} 63. Bf3 {[%emt 0:00:18]} h4 {[%emt 0:00:30]} 64. a6 {[%emt 0:01:30]} Bc6 {[%emt 0:01:54]} 65. Bxc6 {[%emt 0:00:28]} Kxc6 {[%emt 0:00:05]} 66. Ke4 {Kd5+} 1-0

[Event "ESP-ch Seniors 2017"]
[Site "Altea"]
[Date "2017.10.08"]
[Round "2"]
[White "Aranaz Portugues, Jose Carlos"]
[Black "Clari Mascarell, Jose Javier"]
[Result "1/2-1/2"]
[WhiteElo "2159"]
[BlackElo "2047"]
[Annotator "TA"]
[PlyCount "118"]
[EventDate "2017.??.??"]
[EventType "swiss"]
[EventCountry "ESP"]
[SourceTitle "playchess.com"]
[Source "ChessBase"]
[SourceQuality "1"]

{[%evp 15,118,26,61,31,30,-18,-14,-19,-7,-14,-15,-25,-30,-39,-9,-91,-98,-97,-69,-91,-29,-34,-28,-28,-14,-20,-10,-23,66,60,70,66,68,65,68,77,69,38,22,0,0,0,0,0,24,24,24,25,40,-133,0,0,0,-10,0,0,10,5,5,0,0,0,0,-4,0,0,0,-216,-42,-50,-48,-48,-50,-45,-43,-47,0,0,6,-12,-12,-12,284,284,284,284,284,284,284,284,284,284,284,284,284,21,284,284,284,284,284,284,284,284,284]} 1. d4 e6 2. c4 f5 3. g3 Nf6 4. Bg2 d5 5. Nh3 c6 6. O-O Bd6 7. Bf4 O-O 8. Nd2 Qe7 {LiveBook: 4 Games. A90: Dutch Defence: Miscellaneous and Modern Stonewall (with ...Bd6)} (8... Be7 9. Rc1 Nbd7 10. Qc2 Nh5 11. Nf3 h6 12. Bd2 g5 13. Ne5 Nxe5 14. dxe5 g4 15. Nf4 Nxf4 16. Bxf4 Bg5 17. e3 {½-½ (31) Sulskis,S (2547)-Gleizerov,E (2509) Vilnius 2015}) 9. c5 Bxf4 $146 ({Predecessor:} 9... Bc7 10. Nf3 Ng4 11. Bxc7 Qxc7 12. Nf4 e5 13. dxe5 Nxe5 14. Nd4 Qe7 15. h4 Na6 16. Rc1 Nxc5 {0-1 (54) Rozen,G (1976)-Dinkin,S (2004) Kiryat Ono 2015}) 10. gxf4 b6 {The position is equal.} 11. b4 Ba6 12. Nf3 Nbd7 13. Qc2 Bc4 14. Rfe1 Ne4 15. Nd2 (15. a3 $11) 15... Nxd2 $17 16. Qxd2 h6 17. Rec1 b5 (17... a5 $17 18. a3 axb4 19. axb4 Qf6 20. cxb6 Nxb6) 18. a4 $11 {[%cal Ba2a4,Ba4a5][%mdl 32]} a6 19. Ra3 Ra7 20. Kh1 Kh7 21. Ng1 Rfa8 (21... Rg8 $11) 22. a5 $1 $14 Rg8 23. Rh3 $1 g5 24. fxg5 Qxg5 25. Qxg5 Rxg5 26. f4 Rg8 27. Nf3 {White wants to play Ng5+.} Bxe2 28. Ng5+ Kg6 29. Nxe6 Re8 30. Re3 Kf6 $1 31. Rxe2 Nf8 $1 {[%cal Rf8e6]} 32. Rce1 $2 {[#]} (32. Bh3 $14 {keeps the upper hand.} Rxe6 33. Re5 Rxe5 34. dxe5+ (34. fxe5+ Kg5 $11) 34... Ke6 35. Rg1) 32... Rxe6 (32... Nxe6 $17 33. Rf1 Rg8) 33. Re5 $1 $11 Rxe5 34. fxe5+ {[%mdl 4096] Endgame KRB-KRN} Kg6 35. Rg1 Kf7 36. Bh3 Ne6 37. Bxf5 Nxd4 38. Bg4 Re7 39. Rf1+ Kg7 40. Bc8 Nc2 41. Rf4 $2 (41. Rg1+ $11 Kf8 42. Rb1) 41... d4 $2 (41... Rxe5 $19 {...d4 is the strong threat.} 42. Bb7 d4 43. Bxc6 d3) 42. Bf5 Nxb4 43. Rxd4 Rxe5 44. Bc8 Nd5 {And now ...b4 would win.} 45. Bxa6 Re1+ 46. Kg2 Ra1 47. Rxd5 cxd5 {KR-KB} 48. c6 {[#] Strongly threatening c7.} Rxa5 $2 {[%mdl 8192]} (48... Rc1 $1 $11 49. Bxb5 Re1) 49. c7 $18 Ra2+ 50. Kf3 Rc2 51. c8=Q Rxc8 52. Bxc8 {KB-K3P} Kf6 53. Kf4 b4 54. Bf5 b3 55. h4 $2 (55. h3 $18 d4 56. Bd3) 55... h5 $2 {[%mdl 8192]} (55... b2 $11 {and Black stays safe.}) 56. Bb1 {White has a decisive advantage.} d4 57. Bd3 b2 58. Bf5 (58. Ke4 Ke7 $16) 58... Kg7 59. Kg5 Kh8 {[%mdl 32768] Precision: White = 55%, Black = 34%. . An unexpected result.} 1/2-1/2

[Event "ESP-ch Seniors 2017"]
[Site "Altea"]
[Date "2017.10.08"]
[Round "2"]
[White "Cantero Navarro, Antonio"]
[Black "Lopez de Turiso, Jose Angel"]
[Result "1/2-1/2"]
[WhiteElo "2153"]
[BlackElo "2020"]
[Annotator "TA"]
[PlyCount "81"]
[EventDate "2017.??.??"]
[EventType "swiss"]
[EventCountry "ESP"]
[SourceTitle "playchess.com"]
[Source "ChessBase"]
[SourceQuality "1"]

{[%evp 9,81,13,12,6,8,10,7,0,24,-32,-18,-46,-33,-33,-30,-33,-30,-30,-1,-29,-27,-43,-36,-48,-45,-59,-51,-58,-41,-58,14,16,11,12,70,43,67,72,67,15,16,10,22,18,59,55,61,54,55,28,30,31,44,41,47,43,35,16,14,0,0,0,0,0,0,0,0,0,0,0,0,0,0,0]} 1. b3 e5 2. Bb2 d6 3. c4 f5 4. Nf3 (4. d4 Nd7 5. e3 Ngf6 6. Nf3 e4 7. Ng5 Qe7 8. Nc3 c6 9. Be2 a6 10. h4 g6 11. d5 Ne5 12. dxc6 bxc6 {1-0 (29) Mamedyarov,S (2759)-Lagarde,M (2523) Rhodes 2013}) 4... Nf6 5. Nc3 Be7 6. g3 {A01: Nimzowitsch-Larsen Opening} O-O 7. Bg2 Qe8 8. e3 $146 ({Predecessor:} 8. d3 Nc6 9. Nd5 Bd8 10. Qd2 {0-1 (44) Venkataramanan,T (2287)-Wall,G (2338) Crawley 2012}) 8... Nc6 9. d4 (9. O-O $11) 9... e4 $15 10. Ng1 {[%cal Bf3g1,Bg1e2,Be2f4,Bf4h3,Bh3g5][%mdl 32]} Nb4 11. Bf1 c6 12. a3 Na6 13. Nge2 Nc7 14. h4 d5 15. Nf4 Bd6 16. Nh3 b6 17. Ng5 h6 18. Nh3 Bb7 19. Qc2 c5 (19... Ne6 $15) 20. dxc5 $1 $11 Bxc5 21. cxd5 Nfxd5 (21... Bd6 $11) 22. Bc4 {[#] Threatens to win with Nf4.} Kh8 23. Nxd5 Bxd5 24. Qc3 (24. Nf4 $14 Bxc4 25. Qxc4) 24... Qf7 25. Rc1 Bxc4 26. Qxc4 Qxc4 27. Rxc4 Ne6 28. b4 Bd6 29. Ke2 {[#] aiming for Rc6.} Rac8 30. Rhc1 Rxc4 31. Rxc4 Kg8 32. Rc6 Rd8 33. h5 Kf7 {The position is equal.} 34. Nf4 Ng5 $1 35. Ng6 Nf3 36. Bc3 Bb8 37. a4 Ng1+ 38. Ke1 Nf3+ 39. Ke2 Ng1+ 40. Ke1 Nf3+ 41. Ke2 {Precision: White = 48%, Black = 59%.} 1/2-1/2

[Event "ESP-ch Seniors 2017"]
[Site "Altea"]
[Date "2017.10.08"]
[Round "2"]
[White "Riquelme Valero, Manuel Damian"]
[Black "Castellanos Bogalo, Antonio"]
[Result "1-0"]
[WhiteElo "2147"]
[BlackElo "2006"]
[Annotator "ChessBase"]
[PlyCount "75"]
[EventDate "2017.??.??"]
[EventType "swiss"]
[EventCountry "ESP"]
[SourceTitle "playchess.com"]
[Source "ChessBase"]
[SourceQuality "1"]
[TimeControl "5400+30"]

1. d4 {[%emt 0:00:00]} Nf6 {[%emt 0:01:45]} 2. c4 {[%emt 0:00:00]} e5 {[%emt 0:00:08]} 3. dxe5 {[%emt 0:01:41]} Ne4 {[%emt 0:00:09]} 4. Nd2 {[%emt 0:02:42]} Nc5 {[%emt 0:02:32]} 5. Ngf3 {[%emt 0:01:06]} Nc6 {[%emt 0:00:17]} 6. Nb3 {[%emt 0:02:30]} Ne6 {[%emt 0:05:53]} 7. Bd2 {[%emt 0:01:19]} a5 {[%emt 0:01:02]} 8. e3 {[%emt 0:03:50]} b6 {[%emt 0:04:49]} 9. Be2 {[%emt 0:03:46]} Bb7 {[%emt 0:00:29]} 10. O-O {[%emt 0:00:55]} g5 {[%emt 0:04:33]} 11. Bc3 {[%emt 0:08:00]} Rg8 {[%emt 0:09:25]} 12. Nfd4 {[%emt 0:05:38]} g4 {[%emt 0:10:18]} 13. Nxe6 {[%emt 0:09:14]} dxe6 {[%emt 0:02:46]} 14. Qxd8+ {[%emt 0:04:13]} Rxd8 {[%emt 0:01:10]} 15. Rad1 {[%emt 0:00:36]} Be7 {[%emt 0:16:21]} 16. Bd3 {[%emt 0:11:38]} h5 {[%emt 0:03:49]} 17. Be4 {[%emt 0:00:41]} Rg5 {[%emt 0:07:08]} 18. Nc1 {[%emt 0:13:10]} Rb8 {[%emt 0:06:54]} 19. Nd3 {[%emt 0:05:41]} Nd8 {[%emt 0:02:04]} 20. Bxb7 {[%emt 0:00:26]} Rxb7 {[%emt 0:00:43]} 21. Rd2 {[%emt 0:01:50]} c5 {[%emt 0:02:02]} 22. Rfd1 {[%emt 0:02:34]} Nc6 {[%emt 0:00:29]} 23. a4 {[%emt 0:00:25]} Rd7 {[%emt 0:00:52]} 24. Kf1 {[%emt 0:00:12]} Bd8 {[%emt 0:04:28]} 25. f4 {[%emt 0:01:17]} gxf3 {[%emt 0:01:38]} 26. gxf3 {[%emt 0:00:19]} Bc7 {[%emt 0:00:45]} 27. f4 {[%emt 0:00:10]} Rg6 {[%emt 0:01:04]} 28. Nf2 {[%emt 0:01:15]} Rxd2 {[%emt 0:02:41]} 29. Rxd2 {[%emt 0:00:22]} Nb8 {[%emt 0:04:08]} 30. Ne4 {[%emt 0:01:32]} Nd7 {[%emt 0:00:20]} 31. Rg2 {[%emt 0:01:23]} Ke7 {[%emt 0:03:24]} 32. Be1 {[%emt 0:01:43]} Kf8 {[%emt 0:01:02]} 33. Bh4 {[%emt 0:00:39]} Kg7 {[%emt 0:00:43]} 34. Bg5 {[%emt 0:00:46]} Kh7 {[%emt 0:00:41]} 35. Rg3 {[%emt 0:02:02]} Kg7 {[%emt 0:00:46]} 36. Rh3 {[%emt 0:00:28]} Nf8 {[%emt 0:00:31]} 37. Bf6+ {[%emt 0:00:58]} Kh7 {[%emt 0:00:40]} 38. Ng5+ {[%emt 0:00:30]} 1-0

[Event "ESP-ch Seniors 2017"]
[Site "Altea"]
[Date "2017.10.08"]
[Round "2"]
[White "Serra Olives, Tomas"]
[Black "Sanz Bastos, Fernando"]
[Result "1/2-1/2"]
[WhiteElo "2146"]
[BlackElo "1981"]
[Annotator "TA"]
[PlyCount "108"]
[EventDate "2017.??.??"]
[EventType "swiss"]
[EventCountry "ESP"]
[SourceTitle "playchess.com"]
[Source "ChessBase"]
[SourceQuality "1"]

{[%evp 15,108,47,56,47,41,37,45,32,31,37,38,30,21,23,53,47,59,33,45,28,62,55,71,58,69,49,73,18,56,66,99,61,56,66,54,48,57,48,65,54,74,49,68,67,66,60,110,114,116,46,64,66,52,52,70,72,74,74,62,36,36,36,36,36,36,36,36,36,36,36,36,8,20,8,8,8,36,0,8,8,18,18,18,9,70,70,1122,793,1008,54,54,54,83,33,33]} 1. e4 e5 2. Nf3 Nc6 3. Bb5 a6 4. Ba4 d6 5. O-O Bd7 6. c4 Nge7 7. d4 Ng6 8. d5 Nb8 {[%cal Bc6b8,Bb8a6,Ba6b4][%mdl 32] LiveBook: 19 Games} 9. Bc2 {C72: Ruy Lopez: Deferred Steinitz: 5 0-0} Be7 10. Re1 (10. Nc3 h6 11. Re1 Bg5 12. b4 Qf6 13. h3 Bxc1 14. Rxc1 Nf4 15. Nd2 Bxh3 16. Re3 Bxg2 {0-1 (43) Fier,A (2590)-Hess,R (2483) ICC INT 2009}) 10... O-O $146 ({Predecessor:} 10... h6 11. Nc3 Bg5 12. Ne2 Bg4 13. Qd3 {0-1 (38) Gillanders,R (1925)-Grigorescu,L (1935) Kitchener 2009}) 11. Nbd2 {[%cal Bb1d2,Bd2f1,Bf1g3,Bg3h5,Bh5f4,Bf4d3][%mdl 32]} a5 12. Nf1 Na6 13. Ng3 Nb4 14. Bb1 Nf4 15. a3 Na6 16. Bxf4 exf4 17. Nh5 Bg4 18. Nxf4 Bg5 19. Nd3 Qf6 20. Bc2 Rfe8 21. b4 (21. Ba4 $16 Re7 22. Rb1) 21... Qc3 {[%cal Ra5b4]} 22. Ba4 Re7 23. Qc2 Bf6 {[#] ...Qxc2 is the strong threat.} 24. e5 Qxc2 25. Bxc2 dxe5 26. Nfxe5 Bf5 27. f4 g5 28. g3 axb4 29. axb4 {Threatens to win with b5.} Bxd3 30. Nxd3 {aiming for Rxe7.} Rae8 31. Rxe7 Rxe7 32. Rb1 ({Better is} 32. Ra2 $16) 32... Re2 $14 33. Ba4 $1 gxf4 34. Nxf4 Bd4+ 35. Kh1 Rb2 36. Rxb2 Bxb2 $16 {[%mdl 4096] Endgame KBN-KBN} 37. Nd3 Ba3 $1 38. b5 Nc5 39. Nxc5 Bxc5 $14 {KB-KB} 40. Bc2 h6 41. Kg2 Kg7 42. Kf3 Kf6 43. Kg4 b6 44. Kh5 Be3 45. Bh7 Kg7 46. Bc2 Kf6 47. g4 Bf4 48. h4 Be3 49. Bb3 Bd2 (49... Ke7 $11) 50. c5 $1 Ke7 $2 {[%mdl 8192] [#]} (50... bxc5 $14 51. d6 cxd6) 51. d6+ $1 $18 {[%mdl 512]} cxd6 52. cxd6+ $2 (52. cxb6 $18 {Strongly threatening b7.} Kd8 53. Bxf7) 52... Kxd6 $14 53. Bxf7 Ke7 54. Bc4 Kf6 {Precision: White = 38%, Black = 41%.} 1/2-1/2

[Event "ESP-ch Seniors 2017"]
[Site "Altea"]
[Date "2017.10.08"]
[Round "2"]
[White "Dominguez Rueda, Juan"]
[Black "Lopez Colon, Francisco"]
[Result "1-0"]
[WhiteElo "2135"]
[BlackElo "1938"]
[Annotator "ChessBase"]
[PlyCount "97"]
[EventDate "2017.??.??"]
[EventType "swiss"]
[EventCountry "ESP"]
[SourceTitle "playchess.com"]
[Source "ChessBase"]
[SourceQuality "1"]
[TimeControl "5400+30"]

1. e4 {[%emt 0:00:00]} c5 {[%emt 0:01:09]} 2. Nf3 {[%emt 0:00:09]} d6 {[%emt 0:00:06]} 3. Bb5+ {[%emt 0:00:19]} Bd7 {[%emt 0:00:40]} 4. Bxd7+ {[%emt 0:00:08]} Qxd7 {[%emt 0:01:04]} 5. O-O {[%emt 0:00:10]} Nc6 {[%emt 0:04:24]} 6. c3 {[%emt 0:00:20]} Nf6 {[%emt 0:04:54]} 7. Re1 {[%emt 0:00:21]} e5 {[%emt 0:00:22]} 8. d4 {[%emt 0:00:40]} Be7 {[%emt 0:05:41]} 9. Nbd2 {[%emt 0:03:17]} cxd4 {[%emt 0:05:55]} 10. cxd4 {[%emt 0:00:21]} exd4 {[%emt 0:00:08]} 11. Nb3 {[%emt 0:08:08]} O-O {[%emt 0:00:37]} 12. Nbxd4 {[%emt 0:00:17]} Nxd4 {[%emt 0:03:38]} 13. Qxd4 {[%emt 0:05:23]} Rfd8 {[%emt 0:06:01]} 14. Bg5 {[%emt 0:05:20]} h6 {[%emt 0:05:23]} 15. Bh4 {[%emt 0:01:14]} Nh5 {[%emt 0:12:28]} 16. Rad1 {[%emt 0:13:47]} Qe6 {[%emt 0:05:40]} 17. Bxe7 {[%emt 0:03:58]} Qxe7 {[%emt 0:00:01]} 18. Rd2 {[%emt 0:08:29]} Nf6 {[%emt 0:01:28]} 19. h3 {[%emt 0:01:47]} Qe6 {[%emt 0:07:39]} 20. a3 {[%emt 0:05:30]} Rd7 {[%emt 0:03:17]} 21. Rde2 {[%emt 0:04:03]} b6 {[%emt 0:03:06]} 22. Rc2 {[%emt 0:06:10]} Re8 {[%emt 0:03:27]} 23. Rc6 {[%emt 0:05:23]} Qe7 {[%emt 0:03:13]} 24. b4 {[%emt 0:02:51]} Qd8 {[%emt 0:05:19]} 25. Nd2 {[%emt 0:03:55]} Re6 {[%emt 0:02:11]} 26. b5 {[%emt 0:01:13]} Qe7 {[%emt 0:00:37]} 27. Re3 {[%emt 0:05:10]} Re5 {[%emt 0:01:11]} 28. Rc8+ {[%emt 0:02:28]} Kh7 {[%emt 0:01:44]} 29. f4 {[%emt 0:03:06]} Rc5 {[%emt 0:02:38]} 30. Rc6 {[%emt 0:02:45]} g6 {[%emt 0:00:02]} 31. a4 {[%emt 0:00:24]} Ne8 {[%emt 0:03:16]} 32. Rd3 {[%emt 0:02:20]} Rc7 {[%emt 0:01:33]} 33. Rxc5 {[%emt 0:02:37]} bxc5 {[%emt 0:01:55]} 34. Qc4 {[%emt 0:01:27]} Qe6 {[%emt 0:00:25]} 35. a5 {[%emt 0:00:07]} Rb7 {[%emt 0:00:49]} 36. Rb3 {[%emt 0:00:27]} Nc7 {[%emt 0:01:32]} 37. b6 {[%emt 0:00:28]} axb6 {[%emt 0:00:52]} 38. axb6 {[%emt 0:00:30]} Qxc4 {[%emt 0:01:21]} 39. Nxc4 {[%emt 0:00:02]} Na8 {[%emt 0:00:01]} 40. Ra3 {[%emt 0:01:25]} Nxb6 {[%emt 0:00:39]} 41. Rb3 {[%emt 0:00:06]} Nxc4 {[%emt 0:00:10]} 42. Rxb7 {[%emt 0:00:05]} Kg7 {[%emt 0:00:07]} 43. Kf2 {[%emt 0:00:21]} Kf6 {[%emt 0:00:12]} 44. Ke2 {[%emt 0:00:20]} g5 {[%emt 0:02:14]} 45. g3 {[%emt 0:00:03]} gxf4 {[%emt 0:01:20]} 46. gxf4 {[%emt 0:00:02]} Na5 {[%emt 0:00:15]} 47. Rb5 {[%emt 0:02:24]} Nc6 {[%emt 0:00:12]} 48. e5+ {[%emt 0:01:00]} dxe5 {[%emt 0:00:48]} 49. Rb6 {[%emt 0:00:09]} 1-0

[Event "ESP-ch Seniors 2017"]
[Site "Altea"]
[Date "2017.10.08"]
[Round "2"]
[White "Bautista Sanchez, Joan"]
[Black "Barcena Laguia, Francisco"]
[Result "1-0"]
[WhiteElo "2123"]
[BlackElo "1874"]
[Annotator "ChessBase"]
[PlyCount "95"]
[EventDate "2017.??.??"]
[EventType "swiss"]
[EventCountry "ESP"]
[SourceTitle "playchess.com"]
[Source "ChessBase"]
[SourceQuality "1"]
[TimeControl "5400+30"]

1. Nf3 {[%emt 0:00:00]} d5 {[%emt 0:00:30]} 2. c4 {[%emt 0:00:00]} c6 {[%emt 0:01:28]} 3. e3 {[%emt 0:01:54]} e6 {[%emt 0:01:13]} 4. b3 {[%emt 0:00:48]} f5 {[%emt 0:02:37]} 5. Bb2 {[%emt 0:00:47]} Nf6 {[%emt 0:00:25]} 6. Be2 {[%emt 0:00:44]} Bd6 {[%emt 0:00:58]} 7. O-O {[%emt 0:00:46]} O-O {[%emt 0:00:10]} 8. Ne5 {[%emt 0:02:10]} Nbd7 {[%emt 0:01:00]} 9. f4 {[%emt 0:04:12]} Qc7 {[%emt 0:04:40]} 10. d4 {[%emt 0:04:01]} Ne4 {[%emt 0:03:17]} 11. Nc3 {[%emt 0:02:39]} Ndf6 {[%emt 0:02:10]} 12. Rc1 {[%emt 0:00:48]} Qd8 {[%emt 0:01:39]} 13. Bf3 {[%emt 0:03:53]} Bd7 {[%emt 0:07:45]} 14. Rc2 {[%emt 0:01:16]} Be8 {[%emt 0:00:57]} 15. g4 {[%emt 0:05:32]} fxg4 {[%emt 0:07:08]} 16. Bxg4 {[%emt 0:00:52]} Nxg4 {[%emt 0:00:38]} 17. Qxg4 {[%emt 0:00:27]} Rf6 {[%emt 0:00:19]} 18. Nxe4 {[%emt 0:01:06]} dxe4 {[%emt 0:00:22]} 19. Rg2 {[%emt 0:01:02]} Qe7 {[%emt 0:05:24]} 20. Rd1 {[%emt 0:20:04]} Bxe5 {[%emt 0:04:46]} 21. fxe5 {[%emt 0:01:10]} Rf5 {[%emt 0:05:06]} 22. Ba3 {[%emt 0:03:01]} Qf7 {[%emt 0:04:41]} 23. Qxe4 {[%emt 0:11:49]} Qh5 {[%emt 0:02:09]} 24. Re1 {[%emt 0:02:48]} Bg6 {[%emt 0:01:27]} 25. Qg4 {[%emt 0:00:28]} Rd8 {[%emt 0:11:41]} 26. Qxh5 {[%emt 0:06:35]} Bxh5 {[%emt 0:03:45]} 27. Rf1 {[%emt 0:03:56]} Rxf1+ {[%emt 0:01:11]} 28. Kxf1 {[%emt 0:00:01]} Rd7 {[%emt 0:00:21]} 29. Bc5 {[%emt 0:04:57]} a6 {[%emt 0:04:48]} 30. Ke1 {[%emt 0:04:02]} Rf7 {[%emt 0:02:25]} 31. Kd2 {[%emt 0:01:44]} Rf3 {[%emt 0:06:30]} 32. Be7 {[%emt 0:02:06]} Kf7 {[%emt 0:00:30]} 33. Bh4 {[%emt 0:00:55]} Bg6 {[%emt 0:00:35]} 34. a4 {[%emt 0:02:36]} Be4 {[%emt 0:06:28]} 35. Rg4 {[%emt 0:02:21]} Bf5 {[%emt 0:03:49]} 36. Rg1 {[%emt 0:00:10]} h5 {[%emt 0:01:25]} 37. Rg2 {[%emt 0:02:26]} Bb1 {[%emt 0:00:54]} 38. Bg5 {[%emt 0:00:48]} Ba2 {[%emt 0:00:26]} 39. Kc3 {[%emt 0:00:17]} Bb1 {[%emt 0:00:20]} 40. h4 {[%emt 0:00:10]} Be4 {[%emt 0:00:13]} 41. Rh2 {[%emt 0:00:14]} Bf5 {[%emt 0:00:36]} 42. Kb4 {[%emt 0:00:07]} b6 {[%emt 0:00:27]} 43. a5 {[%emt 0:00:26]} b5 {[%emt 0:00:36]} 44. Kc5 {[%emt 0:00:28]} Bd3 {[%emt 0:00:26]} 45. Rd2 {[%emt 0:00:23]} Be4 {[%emt 0:00:54]} 46. Kb6 {[%emt 0:00:18]} Ke8 {[%emt 0:00:27]} 47. Kxa6 {[%emt 0:00:17]} Rf7 {[%emt 0:00:17]} 48. Kb6 {[%emt 0:00:57]} 1-0

[Event "ESP-ch Seniors 2017"]
[Site "Altea"]
[Date "2017.10.08"]
[Round "2"]
[White "Carbonell Bofill, Carlos Eloy"]
[Black "Campos Gambuti, Luis Maria"]
[Result "0-1"]
[WhiteElo "2050"]
[BlackElo "2413"]
[Annotator "TA"]
[PlyCount "72"]
[EventDate "2017.??.??"]
[EventType "swiss"]
[EventCountry "ESP"]
[SourceTitle "playchess.com"]
[Source "ChessBase"]
[SourceQuality "1"]

{[%evp 9,72,-3,0,-33,10,29,86,81,84,89,92,66,67,28,44,0,9,0,22,18,8,-14,50,50,53,51,52,36,29,-33,-33,-33,-39,-45,-44,-85,-65,-206,-208,-378,-374,-723,-658,-659,-645,-697,-256,-251,-246,-283,-281,-266,-253,-260,-246,-705,-360,-400,-357,-461,-455,-495,-486,-484,-464]} 1. c4 e5 2. Nc3 Nf6 3. Nf3 Nc6 4. g3 Bc5 5. a3 (5. Bg2 d6 6. e3 a6 7. O-O O-O 8. a3 Ba7 9. b3 Bf5 10. d3 Qd7 11. Ng5 h6 12. Nge4 Nxe4 13. dxe4 Bh3 14. Bxh3 Qxh3 15. Nd5 Qd7 {0-1 (56) Kovalenko,I (2684)-Ponomariov,R (2709) Tallinn 2016}) 5... e4 $146 ({Predecessor:} 5... a5 6. Bg2 O-O 7. O-O d6 8. h3 Be6 9. b3 Qd7 10. Kh2 h6 11. e3 d5 12. cxd5 Nxd5 {1-0 (41) Pyrerko,A (1864)-Egorov,V (1599) Salekhard 2015}) 6. b4 {A29: English Opening: Four Knights Variation with 4 g3} Bxf2+ (6... exf3 $15 7. bxc5 O-O) 7. Kxf2 $11 {Hoping for Nh4.} Ng4+ (7... exf3 $11 {remains equal.} 8. exf3 d5) 8. Kg2 $16 {White is better.} exf3+ 9. exf3 Nf6 10. Qe1+ Ne7 11. Ne4 Nxe4 12. fxe4 O-O 13. d4 d6 14. Bd3 b6 15. Rf1 a5 (15... c5 $11) 16. b5 $14 Bb7 17. Ra2 Qd7 18. Raf2 Rae8 19. d5 (19. Kg1 $11) 19... Ng6 20. Qe2 Bc8 21. Qh5 Re5 22. Rf5 Qe7 23. Bb2 ({White should play} 23. Qd1 $15) 23... Rxe4 $19 ({Less strong is} 23... Bxf5 24. exf5 f6 25. Bxe5 $15 (25. Qd1 Nh8 $15)) 24. h4 $2 {[#]} (24. R5f4 {was called for.} Rxf4 25. gxf4) 24... Bxf5 25. Rxf5 $2 (25. Qxf5 Rxh4 26. Bc1) 25... Re8 26. Rf2 Re3 27. Qf5 {[#]} Rxd3 $2 (27... Nxh4+ $1 28. gxh4 g6) 28. Qxd3 Qe4+ 29. Qf3 Qxf3+ 30. Kxf3 Ne5+ 31. Bxe5 Rxe5 {KR-KR} 32. Rf1 $2 (32. Rd2) 32... f5 33. Rc1 Re4 34. Kf2 Kf7 {Black is clearly winning.} 35. Kf3 Kf6 36. Kf2 Ke5 {Precision: White = 24%, Black = 59%.} 0-1